Davies: principles of tax law
Saved in:
| Main Author: | |
|---|---|
| Format: | Book |
| Published: |
London :
Sweet & Maxwell,
c2004.
|
| Edition: | 5th ed. |
| Subjects: | |
| Tags: |
Add Tag
No Tags, Be the first to tag this record!
|
MARC
| LEADER | 00000cam a2200000 i 4500 | ||
|---|---|---|---|
| 020 | |a 9780421858305 |c TZS 58,959 | ||
| 040 | |a MUL |b eng |e AACR | ||
| 082 | |a 343.04 DAN | ||
| 100 | 1 | |a Williams, David W. | |
| 245 | 1 | 0 | |a Davies: |c / David W. Williams and Geoffrey Morse |b principles of tax law |
| 246 | 3 | 0 | |a Principles of tax law |
| 250 | |a 5th ed. | ||
| 260 | |a London : |b Sweet & Maxwell, |c c2004. | ||
| 300 | |a xli, 466 p. ; |c 22 cm. | ||
| 500 | |a Includes index. | ||
| 546 | |a eng. | ||
| 650 | 0 | |a Taxation |z Great Britain | |
| 650 | 0 | |a Tax law | |
| 942 | |c BK | ||
| 999 | |c 804 |d 804 | ||